Baby Names: Girls (1940s) Quiz Stats

 Plays Quiz Updated Jun 26, 2018

Challenge
Share
Tweet
Embed
Score 0/100 Timer 10:00
3 Plays Today
Rank Name % Correct
1Mary
91.6%
37Ann
85.4%
25Elizabeth
84%
83Anne
76.5%
60Jo
75.9%
40Jane
74.5%
45Catherine
73.7%
77Katherine
71.9%
10Susan
71.8%
13Margaret
71.3%
71Anna
70.2%
76Sarah
70.2%
5Carol
67.2%
24Joan
66.6%
4Patricia
64.3%
11Betty
64%
3Barbara
63%
87Laura
62.5%
86Maria
62.3%
2Linda
62.2%
48Marie
60.6%
55Rose
60.3%
32Helen
59.2%
7Nancy
57.2%
36Jean
55%
64Ellen
53.3%
75Joann
53.1%
34Ruth
53%
21Janet
52.4%
16Karen
52.2%
22Diane
51.9%
41Alice
51.2%
51Christine
51.2%
66Rebecca
50.4%
Rank Name % Correct
20Dorothy
50.1%
68Deborah
49.7%
35Frances
48.7%
30Martha
48.6%
79Annie
48.2%
17Donna
47.8%
54Joanne
47.8%
6Sandra
47.6%
52Diana
47.3%
80Louise
47.1%
15Judy
46.1%
88Kathy
45.7%
8Sharon
45.3%
18Kathleen
44.9%
84Theresa
44.8%
12Carolyn
44.4%
78Paula
42.6%
9Judith
42.4%
29Marilyn
41.8%
67Kathryn
41.7%
65Sally
41.5%
23Janice
40.8%
26Brenda
39.7%
39Pamela
39.5%
70Suzanne
39.1%
59Charlotte
39%
44Doris
38.7%
61Evelyn
38.6%
47Cynthia
37.6%
72Sue
37%
14Shirley
35.9%
28Virginia
35.1%
63Jacqueline
35.1%
46Elaine
34.8%
Rank Name % Correct
42Peggy
34.5%
43Cheryl
33.7%
89Eileen
33%
49Lois
33%
58Rita
32.7%
27Gloria
32.5%
19Joyce
32.1%
33Bonnie
31.5%
56Wanda
30.7%
94Mildred
29.7%
50Connie
29.5%
81Roberta
28.8%
53Gail
28.4%
38Phyllis
28%
31Beverly
27.4%
57Carole
27.1%
85Sheila
26.7%
69Norma
26.5%
91Rosemary
26.4%
97Sherry
26.1%
96Marjorie
25.5%
73Darlene
24.4%
90Marcia
24.2%
93Dolores
24.2%
62Geraldine
24.1%
98Kay
24%
99Anita
23.8%
100Dianne
23.5%
95Lorraine
23.3%
82Sylvia
23%
74Patsy
22.9%
92Glenda
21%

You're not logged in!

Compare scores with friends on all Sporcle quizzes.
Join for Free
OR
Log In

You Might Also Like...

Show Comments

Extras

Top Quizzes Today


Score Distribution

Your Account Isn't Verified!

In order to create a playlist on Sporcle, you need to verify the email address you used during registration. Go to your Sporcle Settings to finish the process.

Report this User

Report this user for behavior that violates our Community Guidelines.

Details: